000 00741nam a2200205 a 4500
005 20140412111253.0
008 000823s19uu xx 00 eng d
020 _a0-689-71380-0
050 _aER
_bOl1 1983
100 _aHaseley, Dennis
245 _aThe Old Banjo /
_cby Dennis Haseley ; illustrated by Stephen Gammel.
250 _a1st Aladdin Books Ed.
260 _aNew York :
_bMacmillan Publishing Company,
_c1983.
300 _a1 v. (unp.) ; ill.
500 _a"Aladdin Books."
520 _aA Hardworking farmer and his son succumb to the enchanment of some very special musical instruments that have been abandoned on their farm.
650 _aMusical instruments-Fiction
650 _aFarm life-Fiction
999 _c103188
_d103188